000 01166cam a22003614a 4500
001 muse77046
003 MdBmJHUP
005 20210127151302.0
006 m o d
007 cr||||||||nn|n
008 180529s2018 cau o 00 0 eng d
010 _z 2018946359
020 _a9781947447677
020 _a9781947447684
035 _a(OCoLC)1100491515
040 _aMdBmJHUP
_cMdBmJHUP
100 1 _aBeber, Emmy.
245 1 4 _aThe Bodies That Remain
_cEmmy Beber ; [edited by] Emmy Beber.
250 _a1st edition.
264 1 _bPunctum Books,
264 3 _bProject MUSE,
300 _a1 online resource (pages cm)
506 0 _aOpen Access
_fUnrestricted online access
_2star
588 _aDescription based on print version record.
655 7 _aElectronic books.
_2local
710 2 _aProject Muse.
_edistributor
830 0 _aBook collections on Project MUSE.
856 4 0 _zFull text available:
_uhttps://muse.jhu.edu/book/66812/
999 _c25308
_d25308